| 000 | 00653nam a22001577a 4500 | ||
|---|---|---|---|
| 005 | 20120417131438.0 | ||
| 020 |
_a8170271347 _c00.00 |
||
| 035 | _aA-409691 | ||
| 037 |
_aDPL _bENG |
||
| 100 |
_aRathaur, Manjula _945227 |
||
| 245 |
_aUnmarried working women, marriage and career : _bA study of university and college teachers of Varanasi / _cby Manjula Rathaur |
||
| 260 |
_aNew Delhi _bRadiant Publishers _c1990 |
||
| 300 |
_aix, 118p. _c18 cms. |
||
| 942 |
_2ddc _cEN _h305.4 _mRAT |
||
| 999 |
_c65125 _d65125 |
||